000 00362nam a22001457a 4500
020 _a978-1-292-45704-8
082 _a658.1511
100 _aWeetman, Pauline
245 _aFinancial Management Accounting:
_bAn Introduction
250 _a9th
260 _aHarlow:
_bPearson,
_c2019
300 _axv, 617p.: ill.; 27cm
700 _aJubb, Darren
942 _cBK
999 _c22161
_d22161